| 000 | 00620cam a2200229 4500 | ||
|---|---|---|---|
| 008 | 000000n1998 000 0 eng u | ||
| 020 | _a0333732006 | ||
| 035 | _a(Sirsi) u111614 | ||
| 050 | _a624.17 | ||
| 100 | _aSeward, Derek | ||
| 245 | _aUnderstanding structures : analysis, materials, design. | ||
| 250 | _a2nd ed. | ||
| 260 |
_aBasingstoke _bMacmillan _c1998 |
||
| 300 | _ax,309p. : ill. ; 25cm. | ||
| 350 | _a18.99 | ||
| 650 | _aSTRUCTURES | ||
| 650 | _aSTRUCTURAL BEHAVIOUR | ||
| 650 | _aSTRUCTURAL ELEMENTS | ||
| 650 | _aLOADING | ||
| 690 | _aBUILT ENVIRONMENT-CONSTRUCTION DESIGN | ||
| 942 | _n0 | ||
| 999 |
_c101265 _d101265 |
||